000 00580nam a22002297a 4500
003 UA-OsUOA
001 97303
007 ta
008 20130327b un ||||| |||| 00| 0 ukr d
100 _aОжешко Е.
090 _a821.162.1
_bО-45
942 _cBK
040 _aUA-OsUOA
_brus
_cUA-OsUOA
_dUA-OsUOA
245 _aАргонавти
_bроман
300 _a238 с.
955 _a3
041 _arus
080 _a821.162.1
260 _aМ.
_bДніпро
_c1966
650 7 _a82 Література. Літературознавство
_2UDC
999 _c383550
_d383550